{"text_format":"1","workbook":"xlsx","n_sheets":3,"sheets":["Formato","Instructivo de Diligenciamiento","Listas"],"not_rendered":{"charts":0,"images":3,"macros":1,"external_links":0,"defined_names":3,"comments":0,"pivot_tables":0},"unopened":[],"bounds":{"document_bytes":16777216,"sheet_cells":100000,"rows_first":2000,"rows_last":500,"rows_between":2000,"halvings":0,"cell_chars":16384,"cell_head_chars":4096},"cells_cut":0,"cells_raw":0,"read":"whole","date_system":"1900"}

{"sheet":"Formato","index":0,"n_rows":75,"n_cols":17,"rows_kept":75,"cut":false,"hidden":false,"merged":[[61,2,61,3],[61,8,61,9],[61,10,61,11],[61,16,61,17],[55,2,55,3],[55,8,55,9],[55,10,55,11],[55,16,55,17],[53,2,53,3],[53,8,53,9],[53,10,53,11],[53,16,53,17],[54,2,54,3],[54,8,54,9],[54,10,54,11],[54,16,54,17],[60,2,60,3],[60,8,60,9],[60,10,60,11],[60,16,60,17],[58,2,58,3],[58,8,58,9],[58,10,58,11],[58,16,58,17],[51,2,51,3],[51,8,51,9],[51,10,51,11],[51,16,51,17],[52,2,52,3],[52,8,52,9],[52,10,52,11],[52,16,52,17],[50,2,50,3],[50,8,50,9],[50,10,50,11],[50,16,50,17],[48,10,48,11],[48,16,48,17],[46,2,46,3],[46,8,46,9],[46,10,46,11],[46,16,46,17],[47,2,47,3],[47,8,47,9],[47,10,47,11],[47,16,47,17],[74,0,75,0],[74,1,75,2],[39,16,39,17],[72,6,72,8],[71,1,71,3],[66,1,66,3],[69,1,69,3],[69,6,69,8],[71,6,71,8],[41,2,41,3],[41,8,41,9],[40,2,40,3],[40,8,40,9],[40,10,40,11],[40,16,40,17],[44,2,44,3],[44,8,44,9],[43,16,43,17],[49,2,49,3],[49,8,49,9],[49,10,49,11],[49,16,49,17],[48,2,48,3],[48,8,48,9],[74,13,75,14],[17,1,17,13],[72,4,72,5],[68,10,69,12],[70,10,71,12],[72,10,73,12],[74,10,75,12],[68,13,69,14],[70,13,71,14],[72,13,73,14],[39,2,39,3],[39,8,39,9],[29,11,29,13],[72,1,72,3],[37,1,37,9],[29,1,29,2],[29,4,29,5],[29,9,29,10],[31,1,31,2],[31,4,31,5],[31,9,31,10],[31,6,31,8],[27,9,27,10],[37,10,37,17],[1,1,1,13],[7,1,7,2],[11,1,11,2],[23,9,23,13],[25,1,25,2],[25,4,25,5],[25,6,25,8],[25,9,25,10],[25,11,25,13],[11,3,11,9],[9,10,9,11],[9,12,9,13],[2,1,2,13],[21,1,21,13],[7,3,7,9],[9,1,9,2],[9,3,9,7],[7,12,7,13],[23,1,23,2],[23,4,23,8],[19,1,19,13],[13,1,13,13],[15,1,15,2],[42,16,42,17],[43,2,43,3],[43,8,43,9],[43,10,43,11],[4,1,5,3],[4,10,5,11],[4,7,5,9],[4,4,5,5],[27,11,27,13],[29,6,29,8],[15,3,15,7],[27,1,27,2],[27,4,27,5],[27,6,27,8],[31,11,31,13],[35,0,35,17],[37,0,38,0],[38,8,38,9],[38,2,38,3],[38,16,38,17],[38,10,38,11],[59,2,59,3],[59,8,59,9],[59,10,59,11],[59,16,59,17],[39,10,39,11],[56,2,56,3],[56,8,56,9],[56,10,56,11],[56,16,56,17],[57,2,57,3],[57,8,57,9],[57,10,57,11],[57,16,57,17],[41,10,41,11],[41,16,41,17],[44,10,44,11],[44,16,44,17],[45,2,45,3],[45,8,45,9],[45,10,45,11],[45,16,45,17],[42,2,42,3],[42,8,42,9],[42,10,42,11]]}
[]
[null,"FORMATO PARA MODIFICACIÓN DE ÓRDENES DE COMPRA"]
[null,"Tienda Virtual del Estado Colombiano"]
[]
[null,"Número de Orden de Compra a modificar:",null,null,1429,null,null,"Número de modificación de la Orden de Compra:",null,null,2]
[]
[]
[null,"Entidad Compradora:",null,"AGENCIA COLOMBIANA PARA LA REINTEGRACION DE PERSONSA Y GRUPOS ALZADOS EN ARMAS",null,null,null,null,null,null,null,"NIT:","900477169-8"]
[]
[null,"Nombre del solicitante:",null,"JUAN CARLOS HERRÁN VÉLEZ",null,null,null,null,null,null,"Teléfono de contacto:",null,5932211]
[]
[null,"Proveedor :",null,"EMTELCO"]
[]
[null,"Tipo "]
[]
[null,"Tipo",null,"Modificación de la Orden de Compra"]
[]
[null,"Justificación de la modificación o de las acciones a realizar"]
[]
[null,"Brindar respuesta oportuna y eficiente a los PPR del Programa Nacional de Reintegración como sus familias y la comunidad, así: Información general de la ACR; Servicios y beneficios ofrecidos a los PPR; Trámites y consulta de PQRS-D; Inquietudes sobre desembolsos de apoyo a la reintegración; Orientación a las PPR, sus familias y la comunidad sobre trámites y procesos internos para acceder a los servicios y beneficios y Manejo de casos que involucran la seguridad de las PPR."]
[]
[null,"Modificación información general"]
[]
[null,"Nombre del campo",null,"¿Requiere modificación Si/No?","Datos actuales",null,null,null,null,"Nuevos datos"]
[]
[null,"Actualizar supervisor",null,"NO","Nombre del supervisor actual",null,null,null,null,"Nombre nuevo supervisor"]
[]
[null,"Fecha de vencimiento",null,"Ampliar fecha","Fecha vencimiento actual",null,"2016-04-30",null,null,"Nueva fecha de vencimiento",null,"2016-05-31"]
[]
[null,"Dirección y/o teléfono",null,"NO","Dirección / teléfono actual",null,null,null,null,"Nueva dirección / teléfono"]
[]
[null,"Gravámenes adicionales",null,"NO","Gravamen(es) actual",null,null,null,null,"Nuevo(s) gravamen(es)"]
[]
[]
[]
["Modificación de artículos y servicios"]
[]
["Tipo de modificación","Información actual",null,null,null,null,null,null,null,null,"Nueva información"]
[null,"Número de la línea según O.C.","Nombre del artículo",null,"Cantidad","Unidad de medida","Precio unitario","Total","Información presupuestal",null,"Nombre del artículo",null,"Cantidad","Unidad de medida","Precio unitario","Total","Información presupuestal"]
["Modificación de artículo o servicio",1,"54-  Agente con puesto de trabajo - Agente general_Mes_Baja-oro",null,4,"mes",16416803,{"$f":"E40*G40","v":65667212},115416,null,{"$f":"C40","v":"54-  Agente con puesto de trabajo - Agente general_Mes_Baja-oro"},null,1,"mes",17565979,{"$f":"M40*O40","v":17565979},15716]
["Modificación de artículo o servicio",2,"84- Agente con puesto de trabajo- Agente profesional_Mes_Alta-Oro-2",null,4,"mes",9468011,37872044,115416,null,"84- Agente con puesto de trabajo- Agente profesional_Mes_Alta-Oro-2",null,1,"mes",10130772,10130772,15716]
["Modificación de artículo o servicio",3,"49- Agente general con puesto de trabajo",null,4,"mes",1369914,5479656,115416,null,"49- Agente general con puesto de trabajo",null,1,"mes",1465808,1465808,15716]
["Modificación de artículo o servicio",4,"1308- Grabación anuncio IVR- Oro Anuncio para IVR",null,4,"mes",23396,93584,115416,null,"1308- Grabación anuncio IVR- Oro Anuncio para IVR",null,1,"mes",25034,25034,15716]
["Modificación de artículo o servicio",5,"1306- Horas desarrollo IVR- Oro ",null,4,"mes ",40286,161144,115416,null,"1306- Horas desarrollo IVR- Oro ",null,1,"mes",43106,43106,15716]
["Modificación de artículo o servicio",6,"1302- IVR Transaccional- Oro",null,4,"mes",965838,3863352,115416,null,"1302- IVR Transaccional- Oro",null,1,"mes",1033445,1033445,15716]
["Modificación de artículo o servicio",7,"1313- Mensaje SMS Claro- Oro",null,4,"mes",933300,3733200,115416,null,"1313- Mensaje SMS Claro- Oro",null,1,"mes",998631,998631,15716]
["Modificación de artículo o servicio",8,"1314- Mensaje SMS Movistar- Oro",null,4,"mes",274500,1098000,115416,null,"1314- Mensaje SMS Movistar- Oro",null,1,"mes",293715,293715,15716]
["Modificación de artículo o servicio",9,"1315- Mensaje SMS Tigo- Oro",null,4,"mes",164700,658800,115416,null,"1315- Mensaje SMS Tigo- Oro",null,1,"mes",176229,176229,15716]
["Modificación de artículo o servicio",10,"1228- Minuto celular outbound Otros operadores-Oro",null,4,"mes ",167693,670772,115416,null,"1228- Minuto celular outbound Otros operadores-Oro",null,1,"mes",0,0,15716]
["Modificación de artículo o servicio",11,"1225- Minuto celular outbound Claro- Oro",null,4,"mes",447180,1788720,115416,null,"1225- Minuto celular outbound Claro- Oro",null,1,"mes",478483,478483,15716]
["Modificación de artículo o servicio",12,"1226- Minuto ceclular outbound Movistar- Oro",null,4,"mes",111795,447180,115416,null,"1226- Minuto ceclular outbound Movistar- Oro",null,1,"mes",119621,119621,15716]
["Modificación de artículo o servicio",13,"1227- Minuto celular outbound Tigo- Oro",null,4,"mes",111795,447180,115416,null,"1227- Minuto celular outbound Tigo- Oro",null,1,"mes",119621,119621,15716]
["Modificación de artículo o servicio",14,"1228- Minuto celular outbound Otros operadores-Oro",null,4,"mes",167693,670772,115416,null,"1228- Minuto celular outbound Otros operadores-Oro",null,1,"mes",179432,179432,15716]
["Modificación de artículo o servicio",15,"1326- servicio adicional de entrenamiento- oro- 2 entrenamiento por agente",null,4,"mes",100355,401420,115416,null,"1326- servicio adicional de entrenamiento- oro- 2 entrenamiento por agente",null,1,"mes",107380,107380,15716]
["Modificación de artículo o servicio",16,"1218- Minuto llamada Bogotá Outbound- Oro",null,4,"mes",60668,242672,115416,null,"1218- Minuto llamada Bogotá Outbound- Oro",null,1,"mes",64915,64915,15716]
["Modificación de artículo o servicio",17,"1230- Transferencia de llamadas- Oro",null,4,"mes",4519,18076,115416,null,"1230- Transferencia de llamadas- Oro",null,1,"mes",4835,4835,15716]
["Modificación de artículo o servicio",18,"1220- Minuto larga distancia nacional outbound- Oro",null,4,"mes",33579,{"$f":"E57*G57","v":134316},115416,null,{"$f":"C57","v":"1220- Minuto larga distancia nacional outbound- Oro"},null,1,"mes",35930,{"$f":"M57*O57","v":35930},15716]
["Modificación de artículo o servicio",19,"1300- Minuto IVR audio texto - oro",null,4,"mes",15813,63252,115416,null,"1300- Minuto IVR audio texto - oro",null,1,"mes",16920,16920,15716]
["Modificación de artículo o servicio",20,"1496- virtual hold - oro",null,4,"mes ",418629,1674516,115416,null,"1496- virtual hold - oro",null,1,"mes",447933,447933,15716]
["Modificación de artículo o servicio",21,"1232- Transferencia chat -Oro",null,4,"mes",1624,{"$f":"E60*G60","v":6496},115416,null,{"$f":"C60","v":"1232- Transferencia chat -Oro"},null,1,null,1738,{"$f":"M60*O60","v":1738},15716]
["Modificación de artículo o servicio",22,"1489- Redirección de llamadas o contactos por diversos canales a otro centro de contacto- Oro",null,4,"mes",7888,{"$f":"E61*G61","v":31552},115416,null,{"$f":"C61","v":"1489- Redirección de llamadas o contactos por diversos canales a otro centro de contacto- Oro"},null,1,null,8440,{"$f":"M61*O61","v":8440},15716]
["Modificación de artículo o servicio",23,"1494- Servicio SMS como CHAT",null,4,"mes",9479,{"$f":"E62*G62","v":37916},115416,null,{"$f":"C62","v":"1494- Servicio SMS como CHAT"},null,1,null,10141,{"$f":"M62*O62","v":10141},15716]
[]
[null,null,null,null,null,null,"TOTAL",{"$f":"SUM(H40:H62)","v":125261832},null,null,null,null,null,null,"TOTAL",{"$f":"SUM(P40:P62)","v":33328108}]
[]
[]
[]
[]
[null,null,null,null,null,null,null,null,null,null,"Valor total del IVA en la Orden de Compra:",null,null,77447553.280000001]
[null,"Firma ordenador del gasto",null,null,null,null,"Firma de Proveedor"]
[null,null,null,null,null,null,null,null,null,null,"Valor total del AIU en la Orden de Compra:"]
["Nombre:","ANDRES FELIPE STAPPER SEGRERA",null,null,null,"Nombre:","PATRICIA HINCAPIE GIL"]
["Documento de Identidad:",80108.438999999998,null,null,"Documento de Identidad:",null,"43,615,630",null,null,null,"Valor total gravámenes adicionales en la Orden de Compra:"]
[]
["Fecha Elaboracion:","2016-04-29",null,null,null,null,null,null,null,null,"Valor total de la Orden de Compra:",null,null,484047208]

{"sheet":"Instructivo de Diligenciamiento","index":1,"n_rows":7,"n_cols":2,"rows_kept":7,"cut":false,"hidden":false,"merged":[[6,1,77,10]]}
[]
[]
[]
[]
[]
[]
[null,"Instrucciones de diligenciamiento:\n\nColombia Compra Eficiente ha diseñado este formato para que las Entidades Compradoras puedan realizar aclaraciones, modificaciones,  cancelaciones o liquidaciones  de las Órdenes de Compra que estén en ejecución y vigentes. Para ello debe indicar:\n \n1. Datos generales: Datos básicos como número de la Orden de Compra que requiere cambiar, número consecutivo de solicitud tenga en cuenta que la primera solicitud corresponderá a la número “1”, nombre de la Entidad Compradora, nombre de la persona que solicita las acciones, NIT de la Entidad Compradora y el nombre del Proveedor que ejecuta la Orden de Compra.\n\n2. Tipo: Las Entidades pueden solicitar cuatro tipos de acciones respecto de las Órdenes de Compra:\n\n(i) Aclaraciones: Son las indicaciones de cambio de información que no afectan el plazo, el valor o las condiciones contractuales de las Órdenes de Compra como: redacción en las condiciones de entrega, errores de digitación  o rectificación de la fecha de vencimiento. Estas aclaraciones no requieren de la aceptación del Proveedor. Sin embargo una vez realizada la aclaración en la Orden de Compra, la Entidad Compradora debe notificarle al Proveedor el cambio. \n\n(ii) Modificaciones: Son indicaciones de cambio en aumento o disminución de valor o plazo,  aumento o disminución de los bienes o servicios solicitados, cambios en las condiciones de ejecución o datos que afecten la ejecución de la Orden de Compra. Solo en los casos de cambio de supervisor y datos de notificación como dirección o teléfono se puede omitir la firma del Proveedor. Sin embargo una vez realizada la modificación, la Entidad Compradora debe notificarle al Proveedor el cambio.\n\n(iii) Cancelación: Es la manifestación de la Entidad de no ejecutar la totalidad de la Orden de Compra la cual también debe ser aceptada por el Proveedor.\n\n(iv) Liquidación: Es el ajuste formal y definitivo de las obligaciones derivadas de la Orden de Compra para establecer las acreencias pendientes a favor o en contra de cada parte de la Orden de Compra, así como para aclarar la ejecución de la misma. Se efectúa, cuando aplique, dentro de los términos establecidos en cada Acuerdo Marco de Precios. Se requiere la solicitud por parte de la Entidad Compradora firmada por el Ordenador del Gasto y el representante legal del Proveedor, así como el informe del supervisor de la Orden de Compra. \n\n3. Justificación: Las razones de la realización del cambio o la cancelación de la Orden de Compra.\n\n4. Especificar las modificaciones solicitadas a la información general de la Orden de Compra o la modificación detallada de los bienes y servicios así:\n\n(i) Modificación de información general: Modificaciones a: (a) nombre del supervisor; (b) fecha de vencimiento de la Orden de Compra; (c) dirección y/o teléfono de la Entidad Compradora; o (d) Gravámenes adicionales (estampillas), en todos los campos debe diligenciar la información actual  en la Orden de Compra y los nueva información.\n\n(ii) Modificación de los artículos y/o servicios: \n\n(a) Modificaciones a los artículos o servicios: Adicionar o disminuir en cantidades un producto que fue adquirido en la Orden de Compra inicial. La Entidad debe identificar en los campos de “información actual”: (i) el número de la línea del artículo que lo puede consultar en la Orden de Compra (ii) el artículo adquirido inicialmente; (iii) las unidades de medida; (iv) las cantidades adquiridas; (v) los precios de la compra; y (vi) la información presupuestal. Para modificar o agregar nuevos artículos la Entidad Compradora debe identificar en el campo “nueva información”: (i) la cantidad final requerida; (ii) unidad de medida; (iii) precio unitario acordado previamente con el Proveedor el cual debe respetar lo dispuesto en el contrato correspondiente (precio techo, precio piso, etc.) y (iv) la información presupuestal que respalda el cambio o la inclusión.\n\n(b) Agregar nuevos artículos o servicios: Ingresar nuevos artículos que no se tenían contemplados en la Orden de Compra inicial. La Entidad Compradora debe previamente solicitarle al Proveedor el precio del artículo, el cual debe respetar lo dispuesto en el contrato correspondiente (precio techo, precio piso, etc.) y la Entidad Compradora lo debe indicar en el formato en el campo “nueva información”.\n\n(c) Eliminar artículos o servicios: Descartar artículos que la Entidad Compradora determine que no va a requerir durante la ejecución de la Orden de Compra. Para eliminar artículos la Entidad debe identificar en los campos de “información actual”: (i) el número de la línea del artículo que lo puede consultar en la Orden de Compra (ii) el artículo adquirido inicialmente; (iii) las unidades de medida; (iv) las cantidades adquiridas; (v) los precios de la compra; y (vi) la información presupuestal.\n\nEn esta sección la Entidad Compradora puede agregar tantas filas como artículos requiera modificar haciendo clic en el botón de Agregar registro o Eliminar registro.\n\n5. Consolidado de valores: Indicar en el recuadro el valor total del IVA, AUI, gravámenes adicionales y total de la Orden de Compra, estos campos serán los valores finales que quedarán en la Orden de Compra después de la modificación, tenga en cuenta que el campo de IVA no aplica para los AMP de papelería, vehículos y SOAT y que el campo de AIU solo aplica para aseo y cafetería.\n\n6. Firmas del documento: El ordenador del gasto de la Entidad Compradora debe firmar el documento y enviarlo al Proveedor para que lo acepte y firme, en caso de que así se requiera. El documento firmado debe ser enviado a través del aplicativo dispuesto por   Colombia Compra Eficiente para realizar las acciones solicitadas.\n\n7. Fecha de elaboración del documento: Corresponde a la fecha en la que la Entidad Compradora y el Proveedor llegaron a un acuerdo para realizar las acciones y se suscribe el documento, recuerde que para poder realizar modificaciones en las Órdenes de Compra las mismas se deben acordar dentro de la vigencia de la Orden de Compra. \n\nSi la Entidad Compradora requiere agregar archivos que estén relacionados con las acciones a realizar como: copia del CDP y/o aprobación de Vigencia Futura (VF) que soporta la adición, soportes documentales, correos, cartas, etc... debe publicarlos junto con el documento de solicitud de modificación suscrito en un único archivo Pdf, tenga en cuenta que Colombia Compra Eficiente únicamente realizara las modificaciones especificadas en el formato enviado por el aplicativo.\n"]

{"sheet":"Listas","index":2,"n_rows":5,"n_cols":3,"rows_kept":5,"cut":false,"hidden":true,"merged":[]}
["TipoDeModificacion",null,"Modificacion"]
["Modificación de la Orden de Compra",null,"Modificación de artículo o servicio"]
["Aclaración a la Orden de Compra",null,"Agregar nuevo artículo o servicio"]
["Cancelación de la Orden de Compra",null,"Eliminar artículo o servicio"]
["Liquidación de la Orden de Compra",null,"Ninguna"]